000 00525nam a2200193Ia 4500
999 _c5681
_d5681
008 200103s 2016 ||||xx |||||||||||||| ||und||
020 _a9789382291756
082 _a623.82
_bEYR
100 _aEyres, D. J.
245 0 _aShip construction
250 _a7th ed.
260 _bButterworth-Heinemann
_c2016
_aUK
300 _avi, 388p.
650 _aIntroduction to shipbuilding
650 _aMaterials and Strength of ships
650 _aWelding and cutting
700 _aBruce, G. J.
_eco-author
942 _cBK